000 00427nam a2200169Ia 4500
008 221030s9999 xx 000 0 und d
020 _a8178087510
041 _aEnglish
082 _a105.23
_bYat
100 _aR. B. Yates
245 0 _aModern Information Retrieval
_cby R. B. Yates, B.R. Ribeiro
260 _bPearson Education
_aDelhi
_c2005
300 _a513
650 _aComputers
700 _aB.R. Ribeiro
942 _cBK
999 _c512
_d512